Business data communications
A textbook for an introductory course in information communications intended for business and information management students. The fourth edition adds two chapters in a new part that covers the TCP/IP set of protocols, the Internet, and quality of service.
محفوظ في:
| المؤلف الرئيسي: | |
|---|---|
| التنسيق: | كتاب |
| اللغة: | Undetermined |
| منشور في: |
Upper Saddle River, NJ.
Pearson / Prentice Hall
2005
|
| الموضوعات: | |
| الوسوم: |
إضافة وسم
لا توجد وسوم, كن أول من يضع وسما على هذه التسجيلة!
|
| Thư viện lưu trữ: | Trung tâm Học liệu Trường Đại học Cần Thơ |
|---|
| LEADER | 00919nam a2200229Ia 4500 | ||
|---|---|---|---|
| 001 | CTU_116832 | ||
| 008 | 210402s9999 xx 000 0 und d | ||
| 020 | |c 50.00 | ||
| 082 | |a 004.6 | ||
| 082 | |b S782 | ||
| 100 | |a Stallings, William | ||
| 245 | 0 | |a Business data communications | |
| 245 | 0 | |c William Stallings | |
| 260 | |a Upper Saddle River, NJ. | ||
| 260 | |b Pearson / Prentice Hall | ||
| 260 | |c 2005 | ||
| 520 | |a A textbook for an introductory course in information communications intended for business and information management students. The fourth edition adds two chapters in a new part that covers the TCP/IP set of protocols, the Internet, and quality of service. | ||
| 650 | |a Business,Data transmission systems,Business enterprises | ||
| 650 | |x Communication systems,Computer networks | ||
| 650 | |y Data processing | ||
| 904 | |i Minh | ||
| 980 | |a Trung tâm Học liệu Trường Đại học Cần Thơ | ||